Rainbow six siege Operator quizzz - Statistics

General Stats
  • This quiz has been taken 56 times
  • The average score is 48 of 71
Answer Stats
Hint Answer % Correct
FBI SWAT Attacker Ash
93%
SAS Defense Mute
88%
SAS Defense Smoke
88%
GSG 9 Attacker Blitz
85%
SEALS Attacker Blackbeard
83%
GIGN Defense Doc
83%
FBI SWAT Attacker Thermite
83%
GSG 9 Attacker IQ
80%
SAS Attack Sledge
80%
FBI SWAT Defense Castle
78%
SPETSNAZ Attacker Fuze
78%
GSG 9 Defense Jager
78%
GIGN Defense Rook
78%
GSG 9 Defense Bandit
76%
SEALS Defense Valkyrie
76%
JTF2 Attacker Buck
73%
JTF2 Defense Frost
73%
Nighthaven Attacker Kali
73%
SPETSNAZ Defense Kapkan
73%
CBRN GIGN Attacker Lion
73%
GIGN attack Montagne
73%
FBI SWAT Defense Pulse
73%
SAS Attack Thatcher
73%
GIGN attack Twitch
73%
SPETSNAZ Attacker Glaz
71%
GIGR Defense Kaid
71%
Nighthaven Defense Wamai
71%
SASR Attacker Gridlock
68%
GEO Attacker Jackal
68%
Jaegercorps Attacker Nokk
68%
707th SMB Defense Vigil
68%
Nighthaven Attacker Ace
66%
BOPE Attacker Capitao
66%
BOPE Defense Caveira
66%
GSTUR Defense Clash
66%
SAT Defense Echo
66%
Redhammer defense Fenrir
66%
REU Attacker Iana
66%
SDU Defense Lesion
66%
GSUTR Attacker Maverick
66%
GIGR Attacker Nomad
66%
Redhammer Attacker Ram
66%
Attacker and defender on both sides Recruit
66%
SPETSNAZ Defense Tachanka
66%
Secret Service Defense Warden
66%
SDU Attacker Ying
66%
GIS Defense Alibi
63%
APCA Attacker Amaru
63%
CBRN SPETSNAZ Attacker Finka
63%
SAT Attacker Hibana
63%
GIS Defense Maestro
63%
GEO Defense Mira
63%
SASR Defense Mozzie
63%
Unaffiliated Defense Azami
61%
Viperstrike Attacker Brava
61%
707th SMB Attacker Dokkaebi
61%
GROM Attacker Zofia
61%
Nighthaven Defense Aruni
59%
Nighthaven Attacker Grim
59%
REU Defense Oryx
59%
GROM Defense Ela
56%
Nighthaven Attacker Osa
56%
Wolfgaurd Attacker Sens
56%
AFEAU Defense Solis
56%
ROS Attacker Zero
56%
FES Defense Goyo
54%
Unaffiliated Attacker Flores
51%
Garda Síochána Thorn
51%
ITF Defense Melusi
49%
Wolfgaurd Defense Tubarao
49%
Unaffiliated Defense Thunderbird
46%
No matching quizzes found
Score Distribution
Percent of People with Each Score
Percentile by Number Answered
Your Score History
You have not taken this quiz